United States. Organisation for Economic Co-operation and Development
Αποθηκεύτηκε σε:
| Συγγραφή απο Οργανισμό/Αρχή: | |
|---|---|
| Μορφή: | Βιβλίο |
| Γλώσσα: | English |
| Δημοσίευση: |
Paris :
OECD,
1996
|
| Σειρά: | Environmental performance reviews series
|
| Θέματα: | |
| Ετικέτες: |
Προσθήκη ετικέτας
Δεν υπάρχουν, Καταχωρήστε ετικέτα πρώτοι!
|
MARC
| LEADER | 00000nam a2200000 i 4500 | ||
|---|---|---|---|
| 001 | 1/3795 | ||
| 008 | 960424s1996 eng d | ||
| 020 | |a 92-64-14771-3 | ||
| 035 | |l 10015346 | ||
| 040 | |a GR-MY-UA |b gre |e aacr | ||
| 041 | 0 | |a eng | |
| 082 | 0 | |a 363.70973 | |
| 110 | 2 | |a Organisation for Economic Co-operation and Development. | |
| 245 | 1 | 0 | |a United States. Organisation for Economic Co-operation and Development |
| 260 | |a Paris : |b OECD, |c 1996 | ||
| 300 | |a 274 p. |b tables | ||
| 490 | 1 | |a Environmental performance reviews series | |
| 650 | 0 | 0 | |a Environmental policy |z United States. |
| 830 | 0 | |a Environmental performance reviews series | |
| 852 | |a INST |b LESVOS |e 19960424 |h 363.70973 UNI |p 005100010600 |q 005100010600 |t BK |y 0 | ||
| 909 | |a Λ |b 044606 | ||
| 922 | |a 1ΔΩΡ |b 199603 | ||